[Event "ROM-ch U08"]
[White "Cozma, Teodor Mihail"]
[Black "Ionescu, Rares Andrei"]
[Site "Calimanesti Caciulata"]
[Round "9"]
[Result "0-1"]
[Date "2016.04.25"]
[WhiteElo "1052"]
[BlackElo "1190"]
[PlyCount "62"]
[EventDate "2016.04.18"]
[EventType "swiss"]
[EventRounds "9"]
[EventCountry "ROU"]
[SourceTitle "EXT 2017"]
[Source "ChessBase"]
[SourceDate "2016.10.25"]
[SourceVersion "1"]
[SourceVersionDate "2016.10.25"]
[SourceQuality "1"]

1. e4 e5 2. Bc4 Nc6 3. Nc3 Nf6 4. d3 Bc5 5. f4 exf4 6. Bxf4 d6 7. Nf3 Bg4 8. h3 Bh5 9. Qe2 Nd4 10. Qd1 Qd7 11. Nd5 Nxd5 12. Bxd5 c6 13. Bc4 d5 14. g4 dxc4 15. Ne5 Qe7 16. gxh5 Qh4+ 17. Kd2 Qxf4+ 18. Kc3 Qxe5 19. Kxc4 b5+ 20. Kc3 Nf3+ 21. d4 Bxd4+ 22. Kd3 Ng5 23. c3 Rd8 24. Ke2 Qxe4+ 25. Kf1 Qxh1+ 26. Ke2 Qf3+ 27. Kd2 Be3+ 28. Kc2 Rxd1 29. Rxd1 Qe2+ 30. Kb3 Qxd1+ 31. Kb4 Qa4# 0-1

[Event "ROM-ch U08"]
[White "Ionescu, Rares Andrei"]
[Black "Cioratanu, Rares"]
[Site "Calimanesti Caciulata"]
[Round "1"]
[Result "1-0"]
[Date "2016.04.18"]
[WhiteElo "1190"]
[BlackElo "1001"]
[PlyCount "54"]
[EventDate "2016.04.18"]
[EventType "swiss"]
[EventRounds "9"]
[EventCountry "ROU"]
[SourceTitle "CBM 172 Extra"]
[Source "ChessBase"]
[SourceDate "2016.06.21"]
[SourceVersion "1"]
[SourceVersionDate "2016.06.21"]
[SourceQuality "1"]

1. e4 e5 2. Nf3 Nc6 3. Bc4 Bb4 4. a3 Bc5 5. Nc3 Nf6 6. h3 d6 7. d3 0-0 8. 0-0 Na5 9. Ba2 Bd7 10. Bd2 h6 11. Qe2 Nh5 12. Nd5 c6 13. Bxa5 Qxa5 14. Nc3 Nf4 15. Qd2 d5 16. Nxe5 Bxf2+ 17. Rxf2 Nh5 18. Nxd7 Rfd8 19. Ne5 d4 20. Bxf7+ Kf8 21. Bxh5+ Ke7 22. Ng6+ Kd7 23. Bg4+ Kc7 24. Qf4+ Kb6 25. Na2 a6 26. Raf1 Rab8 27. Qg3 Re8 1-0

[Event "ROM-ch U08"]
[White "Ionescu, Rares Andrei"]
[Black "Antohi, Rares Nicusor"]
[Site "Calimanesti"]
[Round "9"]
[Result "0-1"]
[Date "2015.04.06"]
[WhiteElo "1016"]
[BlackElo "1001"]
[PlyCount "96"]
[EventDate "2015.03.30"]
[EventType "swiss"]
[EventRounds "9"]
[EventCountry "ROU"]
[SourceTitle "CBM 165 Extra"]
[Source "ChessBase"]
[SourceDate "2015.04.21"]
[SourceVersion "1"]
[SourceVersionDate "2015.04.21"]
[SourceQuality "1"]

1. d4 d5 2. c4 e6 3. Nc3 Nf6 4. Bg5 Be7 5. e3 Nbd7 6. Bd3 dxc4 7. Bxc4 c6 8. Nf3 b5 9. Bd3 a6 10. a4 b4 11. Ne2 0-0 12. 0-0 Re8 13. Bxf6 Bxf6 14. Qd2 Rb8 15. Rac1 Bb7 16. Qc2 g6 17. Ne5 Nxe5 18. dxe5 Bxe5 19. Rfd1 Qe7 20. Be4 Rbd8 21. Rxd8 Rxd8 22. Bxc6 Bxc6 23. Qxc6 Qd7 24. Qxd7 Rxd7 25. g3 Bxb2 26. Rc8+ Kg7 27. Ra8 Rd1+ 28. Kg2 Bc1 29. Nxc1 Rxc1 30. Rb8 a5 31. Ra8 b3 32. Rb8 Ra1 33. Rxb3 Rxa4 34. Rb6 Rb4 35. Ra6 a4 36. h4 Kf8 37. Kf1 Ke7 38. Ke2 f5 39. Kd3 h6 40. Rc6 a3 41. Ra6 Rb3+ 42. Ke2 Rb2+ 43. Kf3 a2 44. Kg2 Kd7 45. Ra3 Kc6 46. Kf1 Rb1+ 47. Ke2 a1Q 48. Rxa1 Rxa1 0-1

[Event "ROM-ch U08"]
[White "Ionescu, Rares Andrei"]
[Black "Demeter, Adorian Octavian"]
[Site "Calimanesti"]
[Round "5"]
[Result "0-1"]
[Date "2015.04.02"]
[WhiteElo "1016"]
[BlackElo "1094"]
[PlyCount "21"]
[EventDate "2015.03.30"]
[EventType "swiss"]
[EventRounds "9"]
[EventCountry "ROU"]
[SourceTitle "CBM 165 Extra"]
[Source "ChessBase"]
[SourceDate "2015.04.21"]
[SourceVersion "1"]
[SourceVersionDate "2015.04.21"]
[SourceQuality "1"]

1. d4 d5 2. c4 dxc4 3. Nf3 Nc6 4. e3 Nf6 5. Bxc4 Bf5 6. Nc3 e6 7. Bd2 Bb4 8. a3 Bxc3 9. Bxc3 0-0 10. Bb5 Qd6 11. 0-0 0-1